| 000 | 00431nam a2200145Ia 4500 | ||
|---|---|---|---|
| 008 | 230917s9999||||xx |||||||||||||| ||und|| | ||
| 040 |
_e171790 _aMAIN |
||
| 041 | _aEnglish | ||
| 082 | _a891.437731 AA47I | ||
| 100 | _aअभिमन्यु | ||
| 245 | 0 | _aइन्सान और मशीन | |
| 260 |
_aदिल्ली _bसन्मार्ग प्रकाशन _c1976 |
||
| 300 | _a100 पृ. p. | ||
| 942 | _cHN | ||
| 999 |
_c182359 _d182359 |
||